Bilecik Bilecik Bilecik Bilecik Bilecik

Promosyon kültürü:reklam, ideoloji ve sembolik anlatım = (Record no. 5863)

MARC details
000 -BAŞLIK
Sabit Uzunluktaki Kontrol Alanı 01134nam a22003257a 4500
001 - KONTROL NUMARASI
Control Dosyası 0005882
003 - KONTROL NUMARASI KİMLİĞİ
Kontrol Alanı KOHA_MİRAKIL
005 - EN SON İŞLEM TARİHİ ve ZAMANI
Kontrol Alanı 20260207001501.0
007 - FİZİKSEL TANIM SABİT ALAN - GENEL BİLGİ
Sabit uzunluklu kontrol alanı ta
008 - SABİT UZUNLUKTAKİ VERİ ÖGELERİ - GENEL BİLGİ
Sabit Alan 090529b1996 tu a|||gr||||#||||0|tur |
020 ## - ISBN - ULUSLARARASI STANDART KİTAP NUMARASI
Isbn 9757298239
040 ## - KATALOGLAMA KAYNAĞI
Özgün Kataloglama Kurumu TR-BiSEU
Kataloglama Dili tur
Çeviri Kurumu TR-BiSEU
Açıklama Kuralları rda
041 0# - DİL KODU
Metin ya da ses kaydının dil kodu tur
044 ## - YAYINLAYAN/ÜRETEN KURULUŞUN ÜLKE KODU
ISO country code tu
050 ## - SINIFLAMA ve YER NUMARASI
Sınıflama Numarası HF5821
Yer Numarası .W47 1996
100 1# - KİŞİ ADI
Yazar Adı (Kişi adı) Wernick, Andrew.
240 10 - TEK BİÇİM BAŞLIK
Tekbiçim Başlık <a href="Promotional culture : advertising, ideology, and symbolic expression">Promotional culture : advertising, ideology, and symbolic expression</a>
Language of a work Türkçe
245 1# - ESER ADI BİLDİRİMİ
Başlık Promosyon kültürü:reklam, ideoloji ve sembolik anlatım =
Alt Eseradı vb. Promotional culture :
-- advertising, ideology, and symbolic expression/
Sorumluluk Bildirimi Andrew Wernick ; Andrew Wernick; çeviren Osman Akınhay.
264 #1 - ÜRERİM, YAYIN, DAĞITIM ve TELİF BİLDİRİMİ
Yayın yeri Ankara :
Yayınlayan Bilim ve Sanat
Yayın tarihi 1996
300 ## - FİZİKSEL TANIMLAMA
Sayfa, Cilt vb. 310 sayfa :
Diğer fiziki detaylar resimli
336 ## - İÇERİK TÜRÜ
Content type term metin
Content type code txt
Source rdacontent
337 ## - MEDYA TÜRÜ
Media type term aracısız
Media type code n
Source rdamedia
338 ## - TAŞIYICI TÜRÜ
Carrier type term cilt
Carrier type code nc
Source rdacarrier
500 ## - GENEL NOT
Genel Not Kaynakça ve dizin var.
650 #0 - KONU BAŞLIĞI EK GİRİŞ - KONU TERİMİ
Konusal terim veya coğrafi ad Advertising--Social aspects.
9 (RLIN) 2306
650 #0 - KONU BAŞLIĞI EK GİRİŞ - KONU TERİMİ
Konusal terim veya coğrafi ad Symbolism in advertising.
9 (RLIN) 14302
650 #0 - KONU BAŞLIĞI EK GİRİŞ - KONU TERİMİ
Konusal terim veya coğrafi ad Imagery (Psychology).
9 (RLIN) 14303
650 #0 - KONU BAŞLIĞI EK GİRİŞ - KONU TERİMİ
Konusal terim veya coğrafi ad Popular culture.
9 (RLIN) 11165
942 ## - EK GİRİŞ ÖGELERİ (KOHA)
Source of classification or shelving scheme Library of Congress Classification
Koha item type Book
Holdings
Materyal Türü Kalıcı Konum Mevcut Konum Raf Yeri Sınıflandırma Kaynağı Edinim Bilgisi Ana Konular Alt Konular Yer Numarası Demirbaş Numarası Fatura Tarihi Maliyet, Alış Fiyatı Maliyet, Yenileme Fiyatı Geri Çekilme Durumu Kayıp Durumu Hasarlı Durumu Kredi için değil Kayıt Tarih Toplam Ödünçverme Son Görülme Tarihi Son Kontrol Tarihi Genel / Bağış Notu
Book Prof. Dr. Azmi Özcan Kütüphanesi Prof. Dr. Azmi Özcan Kütüphanesi Uluğbey Salonu Library of Congress Classification Bağış SOSYAL BİLİMLER Ticaret HF5821 .W47 1996 0005882 13/08/2010 4.00 4.00         29/05/2009 1 05/12/2024 05/12/2024 Genel Bağış